000 01053nam a2200253 i 4500
005 20260430112253.0
008 260430u19uuuuuufr ||||f |||| 00| 0 fre d
040 _c.
082 _221
_a343.01505
245 _aRevue internationale de droit pénal :
_bConception et principes du droit penal economique et des affaires y compris la protection du consommateur : Actes du Colloque International tenu à Freiburg-en-Brisgau, République Fédérale d'Allemagne 20-23 septembre 1982
264 _aFrance :
_bEditions Erès
300 _aVoulme ;
_c23 cm.
321 _aQuarterly
336 _2rda content
_aText
337 _2rda media
_aunmediated
338 _2rda carrier
_avolume
362 0 _a54. année, nouvelle série, no 1 et 2 trimestres
588 0 _aLatest issue consulted: 54. année, 1 et 2 trimestres (1983).
650 _aDroit pénal
_vPériodiques.
710 _aInternational Association of Penal Law,
_eissuing body.
856 _uhttps://fll.law.cu.edu.eg/fulltext/cr/B10-10105.pdf
905 _a162
942 _2ddc
_cCR
_n0
999 _c74445
_d74445